| 000 | 00610nam a22002057a 4500 | ||
|---|---|---|---|
| 999 |
_c104813 _d104813 |
||
| 005 | 20181205123421.0 | ||
| 010 | _aENG-116691 | ||
| 020 |
_a9788184845211 _c680.00 |
||
| 035 | _aEN-100223 | ||
| 037 | _bDBAD/PUB | ||
| 082 | _a349.54 | ||
| 100 | _aThakur, Anupama | ||
| 245 |
_aDoctrine of ultra vires in india / _cby Anupama Thakur [and] Sunil Deshta |
||
| 260 |
_aNew Delhi _bRegal Publications _c2016 |
||
| 270 |
_aF-159 Rajouri Garden _bNew Delhi _e110027 |
||
| 300 |
_axvii,130p. _c23cm(Hb) |
||
| 500 | _aIncludes index | ||
| 700 | _aSunil,Deshta | ||
| 942 |
_2ddc _cEN _h349.54 _mTHA |
||